zpět

Detail výsledku týmu

Kozlovna U Ježka, Ostrava

Datum a čas kvízu

24 Celkem bodů Celkový počet nahraných bodů na tomto kvízu bez doplňovacích otázek.
5. Pořadí na kvízu Konečné umístění týmu na tomto kvízu.

Zaznamenané odpovědi

# Otázka Odpověď Body Výsledky
1. Ručně a stručně vyřešila své p... v Brně 1
2. O nebývalý rozruch se na newyo... A) mýval 1
3. Minulý týden byl zveřejněn tea... Marty Pohl, Řezník 0
4. Řetězec Pepco se pod tlakem zá... C) zkušební kabiny 1
5. V nominaci německé fotbalové r... Lotyšsko 0
6. Napište názvy dvou filmů Zacka... 300: Bitva u Thermopyl, 300: Vzestup říše 0.5
7. Nyní se podíváme na film režis... Křižáček 0
8. Německý film režiséra Edwarda... Na západní frontě klid, Erich Maria Remarque 0.5
9. Film Pianista byl natočen v ro... Adrien Brody, Roman Polański 0.5
10. Napište název filmu, z něhož p... Četa (Platoon) 0